[Event "Ostrava op-B"]
[Site "Ostrava"]
[Date "2003.05.11"]
[Round "10"]
[White "Benes, Miroslav"]
[Black "Karhanek, Martin"]
[Result "1/2-1/2"]
[WhiteElo "1692"]
[BlackElo "1762"]
[PlyCount "25"]
[EventDate "2003.05.03"]
[EventType "swiss"]
[EventRounds "10"]
[EventCountry "CZE"]
[SourceTitle "EXT 2006"]
[Source "ChessBase"]
[SourceDate "2005.11.24"]
[SourceVersion "1"]
[SourceVersionDate "2005.11.24"]
[SourceQuality "1"]

1. e4 d5 2. exd5 Nf6 3. d4 Nxd5 4. c4 Nb6 5. Nf3 g6 6. Nc3 Bg7 7. h3 Nc6 8. Be3 0-0 9. g4 e5 10. d5 Ne7 11. Be2 f5 12. Qd2 Bd7 13. 0-0-0 1/2-1/2

[Event "Ostrava op-B"]
[Site "Ostrava"]
[Date "2003.05.03"]
[Round "1"]
[White "Karhanek, Martin"]
[Black "Uherek, Michal"]
[Result "0-1"]
[WhiteElo "1762"]
[BlackElo "1408"]
[PlyCount "72"]
[EventDate "2003.05.03"]
[EventType "swiss"]
[EventRounds "10"]
[EventCountry "CZE"]
[SourceTitle "EXT 2006"]
[Source "ChessBase"]
[SourceDate "2005.11.24"]
[SourceVersion "1"]
[SourceVersionDate "2005.11.24"]
[SourceQuality "1"]

1. Nf3 Nf6 2. b3 c5 3. e3 d5 4. Bb2 Nc6 5. d4 Bf5 6. Bd3 Bxd3 7. cxd3 cxd4 8. Nxd4 e6 9. 0-0 Bd6 10. Nd2 Nxd4 11. Bxd4 e5 12. Bb2 0-0 13. a3 Ne8 14. Qf3 Nc7 15. e4 d4 16. Nc4 b5 17. Nxd6 Qxd6 18. Qg3 Ne6 19. Bc1 Rac8 20. f4 exf4 21. Bxf4 Nxf4 22. Rxf4 Qe6 23. Rg4 g6 24. b4 Rc3 25. e5 Rxd3 26. Qxd3 Qxg4 27. Qxb5 Qe4 28. Qc5 d3 29. Qxa7 Qxe5 30. Rf1 d2 31. Qf2 Qc3 32. Qf3 Qc1 33. Qd1 Rc8 34. Kf2 Qb2 35. Qe2 d1Q 36. Rxd1 Rc2 0-1